| 000 | 00467nam a2200169 a 4500 | ||
|---|---|---|---|
| 001 | 773 | ||
| 003 | CDMR | ||
| 005 | 20130307184058.0 | ||
| 008 | 130130s1974||||||||||||||||||||||||||||d | ||
| 020 | _a8425207789 | ||
| 040 |
_aCDMR _bcat _cCPC GIRONA |
||
| 100 | 1 |
_aMunari, Bruno _9602 |
|
| 245 | 1 | 0 |
_aDiseño y comunicación visual _cB. Munari, _b: contribución a una metodología didáctica |
| 250 | _a2a ed. | ||
| 260 |
_c1974 _bGustavo Gili _aBarcelona |
||
| 942 |
_cMON _2udc |
||
| 999 |
_c773 _d773 |
||